Los cánones de Dort (Record no. 144318)

MARC details
000 -LEADER
campo de control de longitud fija 00569nam a2200181 4500
001 - NÚMERO DE CONTROL
campo de control 144318
003 - IDENTIFICADOR DE NÚMERO DE CONTROL
campo de control ES-MaACL
005 - FECHA Y HORA DE LA ÚLTIMA TRANSACCIÓN
campo de control 20250831121307.0
007 - CAMPO FIJO DE DESCRIPCIÓN FÍSICA--INFORMACIÓN GENERAL
campo de control de longitud fija t|
008 - DATOS DE LONGITUD FIJA--INFORMACIÓN GENERAL
campo de control de longitud fija 070214s1971 sp r ||||1| spa d
110 20 - ENTRADA PRINCIPAL--NOMBRE DE ENTIDAD CORPORATIVA
Nombre de entidad corporativa o nombre de jurisdicción como elemento de entrada Asociación Cultural de Estudios de la Literatura Reformada (Barcelona)
9 (RLIN) 1535
245 14 - MENCIÓN DEL TÍTULO
Título Los cánones de Dort
Resto del título : o Reglas doctrinales de Dordrecht.
260 ## - PUBLICACIÓN, DISTRIBUCIÓN, ETC.
Lugar de publicación, distribución, etc. [Barcelona :
Nombre del editor, distribuidor, etc. s. n.],
Fecha de publicación, distribución, etc. 1971.
300 ## - DESCRIPCIÓN FÍSICA
Extensión 62 p. ;
Dimensiones 20 cm.
740 0# - ENTRADA AGREGADA--TÍTULO RELACIONADO/ANALÍTICO NO CONTROLADO
Título relacionado o analítico no controlado Reglas doctrinales de Dordrecht.
852 ## - LOCALIZACIÓN
Ubicación ES-MaACL
Número de control de estantería C-44791
Sublocalización o colección R.81841
Holdings
Estatus retirado Estado de pérdida Estado de daño No para préstamo Biblioteca de origen Biblioteca actual Ubicación en estantería Fecha de adquisición Fuente de adquisición Total de préstamos Signatura topográfica completa Código de barras Visto por última vez Precio de reemplazo Tipo de ítem Koha
        Biblioteca del Ateneo de Madrid Biblioteca del Ateneo de Madrid Depósito 2 17/01/2008     C-44791 1150151 23/02/2023 23/02/2023 Libro impreso